000
00337nam a2200133Ia 4500
008
240624s9999 xx 000 0 und d
041
_a
eng
082
_a
338.954 CHA
100
_a
CHALAM K S
245
_a
SOCIAL ECONOMY OF DEVELOPMENT IN INDIA
260
_c
2017
_a
New Delhi
_b
Sage
300
_a
xvii, 390 p.; 22 cm.
365
_c
RS
_b
32
999
_c
29998
_d
29998